Missing Word: Tropic Thunder Quiz Stats

 Plays Quiz Updated Sep 30, 2019

Score 0/24 Timer 05:00
1 Play Today
Actor Missing Word % Correct
Ben StillerMary
93.9%
Jay BaruchelMillion
93.7%
Jay BaruchelDragon
92.7%
Bill HaderMeatballs
91.8%
Matthew McConaugheyDazed
90.4%
Ben StillerRoyal
88.6%
Matthew McConaugheyBuyers
86.4%
Bill HaderYou
86.1%
Jack BlackShallow
82%
Ben StillerSecret
81.5%
Bill HaderForgetting
80.5%
Jack BlackLibre
80.3%
Actor Missing Word % Correct
Matthew McConaugheyFailure
74.4%
Robert Downey Jr.Science
72.5%
Jay BaruchelApprentice
69%
Jack BlackJumanji
63.5%
Jay BaruchelEnd
58.8%
Robert Downey Jr.Homecoming
49.9%
Bill HaderInside
48.6%
Robert Downey Jr.Shadows
44.1%
Jack BlackFidelity
42%
Ben StillerBattle
38.1%
Robert Downey Jr.Due
34.2%
Matthew McConaugheyStrings
32.8%

Today's Daily Dose

Word Ladder
Lean on Me

Get the Picture
Superhero by Villain

You're not logged in!

Compare scores with friends on all Sporcle quizzes.
OR
Log In

Sporcle TV

Today on Sporcle TV


Watch our educational content, quiz creation guides, and fun videos on Sporcle TV.

Show Comments

Extras

Top Quizzes Today


Score Distribution

Your Account Isn't Verified!

In order to create a playlist on Sporcle, you need to verify the email address you used during registration. Go to your Sporcle Settings to finish the process.

Report this User

Report this user for behavior that violates our Community Guidelines.

Details: